What If? : (Record no. 5977)

MARC details
000 -LEADER
fixed length control field 01784nam a22002417a 4500
001 - CONTROL NUMBER
control field 5977
003 - CONTROL NUMBER IDENTIFIER
control field FISKH
005 - DATE AND TIME OF LATEST TRANSACTION
control field 20250218091843.0
008 - FIXED-LENGTH DATA ELEMENTS--GENERAL INFORMATION
fixed length control field 250218b cb ||||| |||| 00| 0 eng d
020 ## - INTERNATIONAL STANDARD BOOK NUMBER
International Standard Book Number 9780593542903
Terms of availability $17.00
040 ## - CATALOGING SOURCE
Original cataloging agency FISKH
Language of cataloging eng
Transcribing agency FISKH
Modifying agency FISKH
050 ## - LIBRARY OF CONGRESS CALL NUMBER
Classification number Q173.M965
082 ## - DEWEY DECIMAL CLASSIFICATION NUMBER
Classification number 502.07
100 ## - MAIN ENTRY--PERSONAL NAME
Personal name Munroe, Randall
245 ## - TITLE STATEMENT
Title What If? :
Remainder of title Additional serious scientific answers to absurd hypothetical questions /
Statement of responsibility, etc. Randall Munroe
260 ## - PUBLICATION, DISTRIBUTION, ETC.
Place of publication, distribution, etc. New York :
Name of publisher, distributor, etc. Riverhead Books,
Date of publication, distribution, etc. 2022.
300 ## - PHYSICAL DESCRIPTION
Extent 354 pages :
Other physical details illustrations ;
Dimensions 23 cm
520 ## - SUMMARY, ETC.
Summary, etc. "Millions of people visit xkcd.com each week to read Randall Munroe's iconic webcomic. His stick-figure drawings about science, technology, language, and love have a large and passionate following. Fans of xkcd ask Munroe a lot of strange questions. What if you tried to hit a baseball pitched at 90 percent the speed of light? How fast can you hit a speed bump while driving and live? If there was a robot apocalypse, how long would humanity last? In pursuit of answers, Munroe runs computer simulations, pores over stacks of declassified military research memos, solves differential equations, and consults with nuclear reactor operators. His responses are masterpieces of clarity and hilarity, complemented by signature xkcd comics. They often predict the complete annihilation of humankind, or at least a really big explosion. The book features new and never-before-answered questions, along with updated and expanded versions of the most popular answers from the xkcd website. What If? will be required reading for xkcd fans and anyone who loves to ponder the hypothetical. "
650 ## - SUBJECT ADDED ENTRY--TOPICAL TERM
Topical term or geographic name entry element What if
Form subdivision Non-fiction
650 ## - SUBJECT ADDED ENTRY--TOPICAL TERM
Topical term or geographic name entry element Physics
Form subdivision General science
942 ## - ADDED ENTRY ELEMENTS (KOHA)
Source of classification or shelving scheme Dewey Decimal Classification
Koha item type Books
Suppress in OPAC No
Holdings
Withdrawn status Lost status Source of classification or shelving scheme Damaged status Not for loan Collection Home library Current library Shelving location Date acquired Total Checkouts Full call number Barcode Date last seen Date last checked out Price effective from Koha item type
    Dewey Decimal Classification     Non-Fiction Footprints International School Library Network Toul Kork Campus Footprints International School Library Network Toul Kork Campus A TK Campus, 4th Floor, Room B401, Non-Fiction Bookcases(7-8) 02/18/2025 1 MUN 502.07 Q173.M965 2025-0586 05/20/2025 04/10/2025 02/18/2025 Books